000 00656nam a22002537a 4500
003 UA-OsUOA
001 25155
007 ta
008 20040319b un ||||| |||| 00| 0 ukr d
100 _aСергеев А.В.
090 _a349.22
_bС32
942 _cBK
040 _aUA-OsUOA
_brus
_cUA-OsUOA
_dUA-OsUOA
245 _aПереводы на другую работу: теоретические аспекты и практика
300 _a128 с.
955 _a0
041 _arus
080 _a349.22
020 _a5-8212-0139-Х
260 _aМосква
_bЭкзамен
_c2001
044 _aRU
650 7 _2UDC
999 _c311447
_d311447